| 000 | 00583nam a2200229 a 4500 | ||
|---|---|---|---|
| 003 | AR-BaBNM | ||
| 005 | 20251128203931.0 | ||
| 008 | 082120s2002 ||||||||||||||000 | spa|| | ||
| 040 | _cAR-BaBNM | ||
| 100 | 1 | _aAllen, Janet | |
| 245 | 0 | 0 |
_aYo... artesano del color _bmanualidades |
| 260 |
_aBuenos Aires _bLumen _c1992 |
||
| 300 |
_a47 p. _bil. |
||
| 490 | 0 | _aManualidades | |
| 650 | 4 | _aARTESANIAS | |
| 650 | 4 | _aEDUCACION ARTISTICA | |
| 653 | _aMANUALIDADES | ||
| 700 | 1 |
_aAllen, Janet _eilustrador |
|
| 700 | 1 |
_aItzik, Alejandro _etraductor |
|
| 942 | _cBK | ||
| 998 | _cEnrique | ||
| 999 |
_c5526 _d5526 |
||